Sistemas sociales y filosofía /

Guardado en:
Autor Principal: Bunge, Mario, 1919-
Formato: Libro
Idioma:Spanish
Publicado: Buenos Aires : Editorial Sudamericana, c1995.
Materias:
Etiquetas: Agregar Etiqueta
Sin Etiquetas, Sea el primero en etiquetar este registro!
LEADER 00731nam a22001935 4500
001 EAD.ead002129
008 080718s1995####ag#######b####000#0#spa#d
005 20130617095223.0
245 1 0 |a Sistemas sociales y filosofía /  |c Mario Bunge. 
260 |a Buenos Aires :  |b Editorial Sudamericana,  |c c1995. 
300 |a 197 p. ;  |c 20 cm. 
504 |a Incluye referencias bibliográficas (p. 194-197). 
020 |a 9500710749 
100 1 |a Bunge, Mario,  |d 1919- 
082 0 4 |a 301  |2 21 
650 7 |a Sistemas sociales.  |2 unbist 
859 |a AR-BaBDC  |b BIB. ADMINISTRACION - Libros  |h 301  |i B883  |p b03354 
859 |a AR-BaBDC  |b BIB. ADMINISTRACION - Libros  |h 301  |i B883  |p b03355  |t Ej.2  |v Ej.2 
859 |a AR-BaBDC  |b BIB. ADMINISTRACION - Libros  |h 301  |i B883  |p b03356  |t Ej.3